000
00318nam a22001457a 4500
008
211012b ||||| |||| 00| 0 eng d
020
_a
013338103-x
041
_a
eng
080
_a
621
082
_a
621
100
_a
26
101
_a
MEK
245
_a
Fundamentals of Electronics
_c
Thomson,Ch.M
942
_2
udc
_c
BK
999
_c
58184
_d
58184